Statistics for Anatomy and medicine by letter- O

Click here to take the quiz!

General Stats

  • This quiz has been taken 25 times
  • The average score is 11 of 20

Answer Stats

HintAnswer% Correct
The study of cancer.oncology
88%
A collection of tissue that form a structure specialising in a particular function (eg. liver)organ
88%
Chemical element necessary for survival.oxygen
88%
A condition involving excessive body fat, that can increase risk of other health complications.obesity
83%
Relating to the mouth.oral
83%
Phase of the menstrual cycle, involving the release of an egg from one of the ovaries.ovulation
83%
An anxiety disorder, involving excessive thoughts that can lead to repetitive behaviours.OCD
71%
A living thing composed of many components that carry out different functions but are mutually dependent on each other to survive.organism
71%
Tendency of fluids to move from the less concentrated to the more concentrated side of a semipermeable membrane via passive transport.osmosis
58%
A hormone involved in both female and male reproductive systems, including labour and delivery. Is also known as the love hormone.oxytocin
58%
A lobe in the brain responsible for visual perception.occipital
54%
Specialist dentists trained in the prevention, diagnosis, and treatment of dental and facial irregularities.orthodontist
54%
A patient who is being treated outside of hospital.outpatient
50%
A progressive, degenerative joint disease, where tissues in joints break down over time.osteoarthritis
38%
The suffix meaning tumour or cancer.oma
29%
A physician who focuses on the whole body, including soft tissues, the spine, and the nervous system, and treats the patient using physical manipulation techniques.osteopath
29%
A branch of healthcare helping people of all ages who have physical, sensory, or cognitive issues.occupational therapy
21%
Medicated formulas with an oil base.ointment
21%
The blockage of a blood vessel.occlusion
17%
The attachment site that doesn't move during muscle contraction.origin
17%

Score Distribution

Percentile by Number Answered

Percent of People with Each Score

Your Score History

You have not taken this quiz